000 00806nam a22002057a 4500
999 _c9988
_d9988
003 AR-CdUCM
008 190329b ||||| |||| 00| 0 spa d
040 _aMUNICIPALIDAD PROVINCIAL DEL CUSCO
_cBIBLIOTECA MUNICIPAL DEL CUSCO
082 _a863.09 /
_bM42 / 1945
100 _aMenéndez y Pelayo, Marcelino
_926567
245 _aOrígenes de la novela /
260 _aBuenos Aires :
_bEmecé,
_c1945.
300 _a3 tomos :
_c19 cm.
440 _aColección hórreo.
_926568
505 _aContenido: t.1. Reseña de la novela en la antigüedad clásica, Griega y Latina -- t.2: Novela sentimental -- Novela histórica -- Novela pastoril -- t. 3: Cuentos y novelas cortas. La celestina.
650 _aNovela española
_9192
650 _aHistoria y crítica
_95993
942 _2ddc
_cLIBROS
945 _aacv